| 000 | 01584 a2200301 4500 | ||
|---|---|---|---|
| 003 | CBULib | ||
| 005 | 20260123074546.0 | ||
| 008 | 250505b |||||||| |||| 00| 0 eng d | ||
| 020 | _a9781119152156 | ||
| 040 |
_aCBULib _bEnglish _cCBULib _erda |
||
| 041 | _aeng | ||
| 050 | _aHD 62.5 Bar | ||
| 100 |
_aBarclay, Liz _94518 _eAuthor |
||
| 245 |
_aStarting and running a business : all-in-one for dummies _c/ by Colin Barrow |
||
| 250 | _aThird edition | ||
| 260 |
_bJohn Wiley & Sons Ltd, _c2017 _aChichester, West Sussex : |
||
| 300 | _axxii, 659 pages : illustrations | ||
| 336 |
_2rdacontent _aText | _btxt |
||
| 337 |
_2rdamedia _aUnmediated | _bn |
||
| 338 |
_2rdacarrier _aVolume _bnc |
||
| 490 | _aFor dummies | ||
| 500 | _aSummary:Written by a team of business and finance experts, Starting & Running a Business All-In-One For Dummies is a complete guide to every aspect of setting up and growing a successful business. Featuring straight-talking advice on everything from business planning and marketing, managing staff and dealing with legal issues, to bookkeeping and taking care of tax obligations, this book is your one-stop guide to turning your business plans into profit. This amazing all-in-one guide brings together specialists in finance, bookkeeping, planning, marketing and sales, staffing, taxation and more, all of them eager to share their hard-won expertise with you | ||
| 504 | _aIncludes index. | ||
| 650 | 0 |
_9412 _aMANAGEMENT |
|
| 650 | 0 |
_9421 _aNEW BUSINESS ENTERPRISES--MANAGEMENT |
|
| 700 |
_94482 _aBarrow, Colin _eEditor |
||
| 942 |
_2lcc _c002 |
||
| 999 |
_c86145 _d86145 |
||